[Event "Centroamericano & Caribbean U20"]
[Site "Medellin COL"]
[Date "2009.07.31"]
[Round "2"]
[White "Guerrero Fandino,G"]
[Black "Uribe Arteaga,D"]
[Result "0-1"]
[WhiteElo "2131"]
[BlackElo "2294"]

1.e4 g6 2.d4 Bg7 3.Nc3 c6 4.Bc4 d6 5.Bb3 b5 6.a3 a5 7.d5 Bb7 8.dxc6 Bxc6
9.Nge2 b4 10.axb4 axb4 11.Rxa8 Bxa8 12.Nd5 Nf6 13.Qd4 Nc6 14.Ba4 O-O 15.Bxc6 Bxc6
16.Nxf6+ Bxf6 17.Qxb4 Qa8 18.Nc3 Rb8 19.Qc4 Rc8 20.Qe2 Bxc3+ 21.bxc3 Bxe4
22.f3 Bd5 23.Qe3 Bc4 24.Kf2 Be6 25.h4 Qa2 26.h5 Qxc2+ 27.Bd2 Rb8 28.hxg6 Qxg6
29.Rh4 Rb1 30.Qg5 Rb2 31.Qxg6+ hxg6 32.Ke3 f6 33.Ra4 Kf7 34.g3 g5 35.Ra7 Rb1
36.Rc7 Rf1 37.Ke2 Rh1 38.g4 Bb3 39.Be1 Rh2+ 40.Ke3 Bd1 41.Bg3 Re2+ 42.Kd3 Ke6
43.f4 gxf4 44.Bxf4 Rg2 45.Bh6 Kf7 46.Bf4 Ke8 47.g5 fxg5 48.Be3 g4 49.c4 g3
50.c5 dxc5 51.Rxc5 Ra2 52.Rg5 g2 53.Bg1 Bf3 54.Kd4 Kd7 55.Rg7 Ke6 56.Ke3 Bb7
57.Kf4 Ra1 58.Bh2 Rh1 59.Rg6+ Kf7 60.Rg3 Rxh2 61.Ke3 Rh3 62.Rxh3 g1=Q+ 63.Kf4 Qf2+
64.Kg4 Bc8+ 65.Kg5 Qf5+  0-1

[Event "ch-AUT"]
[Site "Jenbach AUT"]
[Date "2009.08.01"]
[Round "8"]
[White "Spindelberger,P"]
[Black "Bauer,Man AUT"]
[Result "1/2-1/2"]
[WhiteElo "2039"]
[BlackElo "1983"]

1.e4 g6 2.d4 Bg7 3.Nc3 c6 4.Nf3 d5 5.exd5 cxd5 6.Bb5+ Bd7 7.Qe2 a6 8.Bxd7+ Qxd7
9.Ne5 Qd8 10.Qf3 Nf6 11.Be3 O-O 12.O-O Nc6 13.Nxc6 bxc6 14.Na4 Ne4 15.Qd1 e6
16.f3 Nd6 17.Rb1 Nf5 18.Bf2 Qa5 19.c3 Rfe8 20.Re1 Qd8 21.Qd3 Qa5 22.b3 Qb5
23.Qc2 Qb8 24.Nc5 Qd8 25.g4 Nd6 26.Bg3 Nb5 27.Rbd1 f5 28.a4 Nc7 29.Bxc7 Qxc7
30.Nxe6 Qf7 31.Nxg7 Kxg7 32.Qf2 f4 33.g5 a5 34.h4 Rab8 35.Rxe8 Rxe8 36.Re1 Kf8
37.Kf1 Rxe1+ 38.Qxe1 Qf5 39.Qe5 Qh3+ 40.Ke1 Qxh4+ 41.Ke2 Qh2+ 42.Kd3 Qg3  1/2-1/2

[Event "ch-AUT"]
[Site "Jenbach AUT"]
[Date "2009.08.02"]
[Round "9"]
[White "Spindelberger,P"]
[Black "Kroell,H"]
[Result "1/2-1/2"]
[WhiteElo "2039"]
[BlackElo "2121"]

1.e4 g6 2.d4 Bg7 3.Nc3 c6 4.Nf3 d5 5.exd5 cxd5 6.Bb5+ Nc6 7.Ne5 Bd7 8.Nxd7 Qxd7
9.O-O a6 10.Bxc6 Qxc6 11.Be3 e6 12.Qd2 Ne7 13.Bh6 Bxh6 14.Qxh6 Nf5 15.Qf4 Qd6
16.Qd2 Qb4 17.Rfd1 Rc8 18.g4 Nd6 19.Qf4 O-O 20.Rab1 Nc4 21.a3 Qd6 22.Qf3 f5
23.g5 f4 24.h4 b5 25.Rd3 Rf5 26.Qe2 f3 27.Qf1 Qf4 28.Qh3 Nxb2 29.Rxb2 Qc1+
30.Nd1 Rxc2 31.Rxc2 Qxc2 32.Qf1 Rf4 33.Ne3 Qe2 34.Qxe2 fxe2 35.Ng2 Re4 36.Re3 Rxd4
37.Rxe6 Rd2 38.Ne1 d4 39.f3 d3 40.Kf2 Rd1 41.Nxd3 Rxd3 42.Rxa6 Re3 43.Ke1 Rxf3
44.Kxe2 Rh3 45.Ra5 Rxh4 46.Rxb5 Ra4 47.Rb3 Ra5 48.Rg3 Kf7 49.Rh3 Ke6 50.Rxh7 Rxa3
51.Rb7 Ra5 52.Kf3 Kf5 53.Rb3 Kxg5 54.Kg3 Rc5 55.Ra3 Kh5 56.Rb3 g5 57.Ra3 Rc4
58.Rb3 Rc1 59.Ra3 Rg1+ 60.Kh2 Rg4 61.Kh3 Rb4 62.Kg3 Rb5 63.Rc3 g4 64.Ra3 Rf5
65.Rb3  1/2-1/2

[Event "Arctic Chess Challenge"]
[Site "Tromso NOR"]
[Date "2009.08.03"]
[Round "3"]
[White "Madland,K"]
[Black "Mikkelsen,N"]
[Result "1-0"]
[WhiteElo "2017"]
[BlackElo "2399"]

1.e4 g6 2.d4 Bg7 3.Nc3 c6 4.Nf3 d6 5.Bd3 Nf6 6.h3 O-O 7.O-O Nbd7 8.Qe2 e5
9.dxe5 dxe5 10.Rd1 Nh5 11.Bg5 Qc7 12.Bc4 Nf4 13.Qf1 Nc5 14.a4 a5 15.Rd2 h6
16.Bh4 g5 17.Bg3 Rb8 18.b3 Qe7 19.Rad1 Kh8 20.Qe1 h5 21.Qe3 Be6 22.Bxe6 Ncxe6
23.Rd7 Qf6 24.R1d6 Rg8 25.Nd5 cxd5 26.exd5 g4 27.dxe6 fxe6 28.Nxe5 Qxe5 29.Bxf4 Qxe3
30.Bxe3 gxh3 31.Rxe6 Rbd8 32.Bd4 Kh7 33.Ree7 Rxd7 34.Rxd7 hxg2 35.Bxg7 Rxg7
36.Rxg7+ Kxg7 37.Kxg2 Kf6 38.c3 Kf5 39.b4 Ke4 40.bxa5 Kd3 41.Kg3 Kxc3 42.Kh4 Kd3
43.Kxh5 Ke2 44.f4  1-0

[Event "XVIII TCh-MKD"]
[Site "Struga MKD"]
[Date "2009.08.12"]
[Round "3"]
[White "Ismaili,V"]
[Black "Simjanovski,S"]
[Result "0-1"]
[WhiteElo "1862"]
[BlackElo "2235"]

1.e4 g6 2.d4 Bg7 3.Nc3 c6 4.Be3 Qb6 5.Rb1 d6 6.f4 Nf6 7.Nf3 d5 8.Bd3 dxe4
9.Nxe4 Bg4 10.c3 Nbd7 11.O-O Nxe4 12.Bxe4 Nf6 13.Bc2 Nd5 14.Bd2 e6 15.Qe1 Bxf3
16.Rxf3 O-O 17.Kh1 Rfd8 18.b4 Qc7 19.g4 Qe7 20.Qg3 a5 21.a4 axb4 22.c4 Nc3
23.Bxc3 bxc3 24.d5 cxd5 25.f5 exf5 26.gxf5 Qe2 27.Rf2 Qe5 28.Qg4 dxc4 29.fxg6 hxg6
30.Re2 Qd5+ 31.Be4 Qd7 32.Qg1 Rxa4 33.Rxb7 Qd1 34.Re1 c2 35.Bxc2 Qxc2 36.Qe3 Ra2
37.Qg3 Qd3 38.Re3 Qd5+ 39.Qf3 Qxf3+  0-1

[Event "24th Open"]
[Site "Schwarzach AUT"]
[Date "2009.08.15"]
[Round "1"]
[White "Hulpia,F"]
[Black "Zakharchenko,A"]
[Result "0-1"]
[WhiteElo "2028"]
[BlackElo "2291"]

1.e4 g6 2.d4 Bg7 3.Nc3 c6 4.Nf3 d5 5.h3 Nf6 6.e5 Ne4 7.Bd3 Nxc3 8.bxc3 c5
9.Bb5+ Bd7 10.Bxd7+ Qxd7 11.O-O Nc6 12.a4 O-O 13.Re1 cxd4 14.cxd4 e6 15.Qd3 Rfc8
16.Bd2 Rc7 17.Ra2 Rac8 18.g4 Nb8 19.Rb1 Rc4 20.a5 Nc6 21.Kg2 Rc7 22.Rab2 Bf8
23.Be1 a6 24.Bd2 Na7 25.Bb4 Nb5 26.Qe3 Bg7 27.Bc5 Nc3 28.Nd2 R4xc5 29.dxc5 Nxb1
30.Rxb1 Qc6 31.f4 Qxc5 32.Qxc5 Rxc5 33.Rxb7 Rxc2  0-1

[Event "16th Vienna Open"]
[Site "Vienna AUT"]
[Date "2009.08.15"]
[Round "1"]
[White "Kuba,G"]
[Black "Boehm,G"]
[Result "1-0"]
[WhiteElo "2392"]
[BlackElo "2073"]

1.e4 g6 2.d4 Bg7 3.Nc3 c6 4.Nf3 d5 5.h3 dxe4 6.Nxe4 Nd7 7.Bd3 Ngf6 8.O-O O-O
9.Nxf6+ Nxf6 10.Bf4 Nd5 11.Be5 Bxe5 12.Nxe5 Qb6 13.c4 Qxd4 14.Nf3 Qxb2 15.cxd5 cxd5
16.Re1 Qf6 17.Rc1 Rd8 18.Rc7 Rd7 19.Qc2 Rxc7 20.Qxc7 e6 21.Ne5 Kf8 22.Ng4 Qe7
23.Qe5 Ke8 24.Qh8+ Qf8 25.Nf6+ Ke7 26.Nxd5+  1-0

[Event "Asian Zone 3.2 m"]
[Site "New Delhi IND"]
[Date "2009.08.16"]
[Round "12"]
[White "Thipsay,P"]
[Black "Rahman,Zia"]
[Result "1-0"]
[WhiteElo "2446"]
[BlackElo "2538"]

1.e4 g6 2.d4 Bg7 3.Nc3 c6 4.Nf3 d6 5.Be2 Nd7 6.O-O Qc7 7.a4 Ngf6 8.h3 O-O
9.Be3 e5 10.dxe5 dxe5 11.Bc4 b6 12.Qd2 Bb7 13.Bh6 a6 14.Qg5 b5 15.Bd3 b4
16.Nb1 c5 17.Nbd2 c4 18.Bxg7 Kxg7 19.Nxc4 Nxe4 20.Qe7 Nec5 21.Be2 Rae8 22.Qd6 Qc6
23.Rfd1 Ba8 24.Qxc6 Bxc6 25.Rd6 Be4 26.Ne3 Bb7 27.b3 Re6 28.Rd2 Nf6 29.Bc4 Re7
30.Rd6 a5 31.Rb6 Bxf3 32.gxf3 Ra7 33.Rd1 Rc8 34.Rb5 Rc6 35.Bf1 e4 36.Nc4 exf3
37.Nxa5 Rcc7 38.Nc4 Rab7 39.Rxb7 Rxb7 40.Ne5 Nfe4 41.Nxf3 Nc3 42.Rd4 Ne6
43.Rc4 Na2 44.Nd4 Kf6 45.Nc6 Nf8 46.a5 Rc7 47.a6 Nd7 48.Ne5 Ra7 49.Nxd7+ Rxd7
50.Bg2 Ra7 51.Bb7 Ke5 52.Kf1 f5 53.f4+ Kd6 54.Ke1 h6 55.h4 Ke7 56.Kd2 Kf6
57.Rc6+ Kf7 58.Rb6 Kg7 59.Bd5  1-0

[Event "16th Vienna Open"]
[Site "Vienna AUT"]
[Date "2009.08.17"]
[Round "3"]
[White "Villwock,M"]
[Black "Bukal,V jr"]
[Result "0-1"]
[WhiteElo "2251"]
[BlackElo "2394"]

1.e4 g6 2.d4 Bg7 3.Nc3 c6 4.Bc4 d6 5.Qf3 e6 6.Be3 b5 7.Bb3 a5 8.a4 b4 9.Nce2 Ba6
10.h4 h5 11.Nh3 Nh6 12.Bg5 Qb6 13.O-O Bxe2 14.Qxe2 Bxd4 15.Rad1 c5 16.Rxd4 cxd4
17.Bf6 Rg8 18.Qd2 Ng4 19.Bxd4 Qc7 20.f3 Ne5 21.Ng5 Nbd7 22.c3 Nc5 23.Bd1 f6
24.Nh3 b3 25.Be2 Kf7 26.Nf2 Nxa4 27.f4 Nc4 28.Bxc4 Qxc4 29.f5 e5 30.Be3 gxf5
31.exf5 Qc6 32.Nd3 Rg4 33.Ne1 Nc5 34.Qf2 Rag8  0-1

[Event "Masters"]
[Site "Brasschaat BEL"]
[Date "2009.08.19"]
[Round "5"]
[White "Soors,S"]
[Black "Wirig,A"]
[Result "1/2-1/2"]
[WhiteElo "2222"]
[BlackElo "2491"]

1.e4 g6 2.d4 Bg7 3.Nc3 c6 4.Nf3 d6 5.Be3 Qb6 6.Rb1 Qc7 7.h3 Nd7 8.Qd2 b5
9.Bd3 a6 10.O-O Bb7 11.Rfe1 e5 12.a4 Ngf6 13.Bh6 O-O 14.Ne2 c5 15.dxe5 dxe5
16.Ng3 c4 17.Bf1 Rfd8 18.Qg5 Ne8 19.b3 Bf6 20.Qe3 Bc6 21.Rec1 Nd6 22.Nd2 Nf8
23.axb5 Bxb5 24.bxc4 Nxc4 25.Nxc4 Bxc4 26.Qb6 Qxb6 27.Rxb6 Bxf1 28.Nxf1 Nd7
29.Rd6 Be7 30.Rd5 f6 31.Be3 Rac8 32.Nd2 Bc5 33.Nc4  1/2-1/2

[Event "16th Vienna Open"]
[Site "Vienna AUT"]
[Date "2009.08.21"]
[Round "7"]
[White "Renner,Christo"]
[Black "Bukal,V jr"]
[Result "1-0"]
[WhiteElo "2431"]
[BlackElo "2394"]

1.e4 g6 2.Nc3 Bg7 3.d4 c6 4.h3 d6 5.Be3 b5 6.f4 b4 7.Nce2 Nf6 8.Ng3 h5 9.Bd3 h4
10.N3e2 d5 11.e5 Ne4 12.Nf3 Bf5 13.O-O e6 14.Ng5 Nxg5 15.fxg5 Qb6 16.Qd2 Nd7
17.Nf4 Qb7 18.Rf3 Be4 19.Rf2 c5 20.Bxe4 dxe4 21.d5 exd5 22.Nxd5 Bxe5 23.Raf1 O-O-O
24.Rxf7 Rhf8 25.Ne7+ Kc7 26.Nxg6 Rxf7 27.Rxf7 Bxb2 28.Nf8 Qc6 29.Rxd7+ Rxd7
30.Qxd7+ Qxd7 31.Nxd7 Kxd7 32.Bxc5 a5 33.Bf2 Ke6 34.Bxh4 Kd5 35.Kf2 Kc4 36.g6 Bd4+
37.Ke2 Kc3 38.Bd8 a4 39.Be7 Bg7 40.h4  1-0

[Event "5th Geller Mem Open A"]
[Site "Odessa UKR"]
[Date "2009.08.23"]
[Round "4"]
[White "Gorbunov,I RUS"]
[Black "Prociuc,E"]
[Result "1-0"]
[WhiteElo "2253"]
[BlackElo "2105"]

1.e4 g6 2.d4 Bg7 3.Nc3 c6 4.Nf3 d5 5.h3 dxe4 6.Nxe4 Nd7 7.Bc4 Ngf6 8.Nxf6+ Nxf6
9.O-O O-O 10.a4 a5 11.Re1 Bf5 12.Bb3 Be4 13.Ng5 Bf5 14.g4 Bc8 15.c3 Nd5 16.Qf3 h6
17.Ne4 f5 18.Nc5 fxg4 19.Qg2 gxh3 20.Qxg6 Rf6 21.Qh5 Bf5 22.Bf4 Kh7 23.Be5 Rg6+
24.Kh2 Bg4 25.Qh4 Bf3 26.Bc2 Bxe5+ 27.Rxe5 Qd6 28.Qg3 Bg2 29.Re6 Qxg3+ 30.fxg3 Rg8
31.Rae1 h5 32.Rxg6 Rxg6 33.Re6 Nf6 34.Bxg6+ Kxg6 35.Nxb7 Kf7 36.Rxf6+ exf6
37.Nxa5 f5 38.Nc4 h4 39.gxh4 f4 40.Ne5+ Kf6 41.b4 Kf5 42.a5 Bf1 43.h5 Kg5
44.c4 Kxh5 45.a6  1-0

[Event "16th Vienna Open"]
[Site "Vienna AUT"]
[Date "2009.08.23"]
[Round "9"]
[White "Karasik,E"]
[Black "Bukal,V jr"]
[Result "1/2-1/2"]
[WhiteElo "2268"]
[BlackElo "2394"]

1.e4 g6 2.d4 Bg7 3.Nc3 c6 4.h3 d6 5.Be3 b5 6.Bd3 Nd7 7.Qd2 Bb7 8.Nf3 Qc7
9.O-O a6 10.Ne2 c5 11.c3 Ngf6 12.Ng3 O-O 13.Bh6 e5 14.dxe5 dxe5 15.Qg5 Bxh6
16.Qxh6 Qd6 17.Rad1 Qe7 18.Nh4 Rfe8 19.Nf3 Rf8 20.Nh4 Rfe8  1/2-1/2

[Event "5th Geller Mem Open A"]
[Site "Odessa UKR"]
[Date "2009.08.25"]
[Round "6"]
[White "Chepel,N"]
[Black "Prociuc,E"]
[Result "1-0"]
[WhiteElo "2304"]
[BlackElo "2105"]

1.e4 g6 2.d4 Bg7 3.Nc3 c6 4.h4 d5 5.e5 h5 6.Nh3 Bxh3 7.Rxh3 e6 8.Bg5 Qb6
9.g4 hxg4 10.Qxg4 Nh6 11.Qf4 Nf5 12.O-O-O Nd7 13.Ne2 c5 14.c3 Qc7 15.Kb1 Rc8
16.Rc1 f6 17.exf6 Qxf4 18.Nxf4 Bxf6 19.Nxe6 cxd4 20.Bb5 Bxg5 21.Nxg5 a6 22.Re1+ Ne7
23.cxd4 axb5 24.Rhe3 Ne5 25.Rxe5 Rc7 26.Ne6 Rd7 27.Nf4  1-0

[Event "XI Sants Open"]
[Site "Barcelona ESP"]
[Date "2009.08.27"]
[Round "7"]
[White "Reinaldo Castineira,R"]
[Black "Douriet Duany,A"]
[Result "1-0"]
[WhiteElo "2503"]
[BlackElo "2306"]

1.e4 g6 2.d4 Bg7 3.Nc3 c6 4.Be3 d6 5.Qd2 b5 6.f4 Nd7 7.e5 Nb6 8.Nf3 Nh6 9.h3 Nf5
10.Bf2 h5 11.Ne4 Be6 12.Bd3 Nc4 13.Qc1 Qa5+ 14.c3 Rd8 15.O-O dxe5 16.fxe5 Bh6
17.Qb1 Bd5 18.Re1 Qc7 19.b3 Bxe4 20.Rxe4 Nb6 21.g4 hxg4 22.hxg4 Nd5 23.gxf5 gxf5
24.Rh4 e6 25.Qc2 Qe7 26.Kf1 Kd7 27.a4 b4 28.cxb4 Nxb4 29.Qc4 a5 30.Ke2 Bg5
31.Rxh8 Rxh8 32.Qc5 Qxc5 33.dxc5 Be7 34.Bc4 Rh3 35.Rd1+ Kc7 36.Rg1 Na2 37.Bd4 Bxc5
38.Bxc5 Nc3+ 39.Ke3  1-0

[Event "TCh-FIN 2009-10"]
[Site "Finland FIN"]
[Date "2009.09.20"]
[Round "2"]
[White "Penttinen,J"]
[Black "Linnanen,L"]
[Result "1-0"]
[WhiteElo "2291"]
[BlackElo "2184"]

1.e4 c6 2.d4 g6 3.Nc3 Bg7 4.f4 d5 5.e5 h5 6.Be3 Nh6 7.Nf3 Bg4 8.Be2 Nf5 9.Bf2 e6
10.O-O Nd7 11.h3 Bxf3 12.Bxf3 h4 13.Ne2 Bf8 14.b3 Be7 15.c4 Qa5 16.a3 b5
17.c5 Qd8 18.Qd3 a5 19.Nc3 Qb8 20.b4 axb4 21.axb4 O-O 22.Bg4 Nh6 23.Bxe6 Qb7
24.Qxg6+  1-0

[Event "18th TCh-CRO"]
[Site "Sibenik CRO"]
[Date "2009.09.22"]
[Round "2"]
[White "Zelic,Ml"]
[Black "Bukal,V jr"]
[Result "1-0"]
[WhiteElo "2305"]
[BlackElo "2394"]

1.e4 g6 2.d4 Bg7 3.Nc3 c6 4.Bc4 d6 5.Qf3 e6 6.Nge2 Nd7 7.O-O b5 8.Bb3 a5
9.a4 b4 10.Nd1 Ba6 11.Bf4 d5 12.Re1 Ne7 13.Ne3 Nf6 14.exd5 cxd5 15.Bg5 Ne4
16.Bxe7 Kxe7 17.Nf4 Bb7 18.Nexd5+ exd5 19.Bxd5 Bxd5 20.Nxd5+ Qxd5 21.Rxe4+ Kd6
22.Rae1 Rhd8 23.c4 bxc3 24.bxc3 Rac8 25.Qf4+ Kc6 26.c4 Qf5 27.d5+ Kb6 28.Qe3+ Ka6
29.Re7 Rd7 30.Qb3 Rc5 31.Re8 Rb7 32.Ra8+ Ra7 33.Rxa7+  1-0

[Event "TCh-ROU Superliga"]
[Site "Eforie Nord ROU"]
[Date "2009.09.26"]
[Round "8"]
[White "Chirila,I"]
[Black "Szabo,G ROM"]
[Result "1/2-1/2"]
[WhiteElo "2504"]
[BlackElo "2526"]

1.e4 g6 2.d4 Bg7 3.Nc3 c6 4.f4 d5 5.e5 Nh6 6.Be3 Qb6 7.Na4 Qa5+ 8.c3 Nd7
9.b4 Qc7 10.Nf3 b5 11.Nc5 Nxc5 12.bxc5 a5 13.h3 Nf5 14.Bf2 h5 15.Bd3 a4 16.O-O Bd7
17.g4 hxg4 18.hxg4 Nh6 19.Nh2 O-O-O 20.Qf3 Kb7 21.Bg3 Qc8 22.f5 gxf5 23.g5 Ng8
24.Bxf5 Bxf5 25.Qxf5 Rf8 26.Rae1 e6 27.Qg4 Ne7 28.Nf3 Nf5 29.Nh4 Nxg3 30.Qxg3 Qd8
31.Rf4 Rh5 32.Nf3 Qe7 33.Re2 Rfh8 34.Rh2 Rxh2 35.Nxh2 Bf8 36.Nf3 Qe8 37.Kf2 Be7
38.Rh4 Qg8 39.Rxh8 Qxh8 40.g6 Qg7 41.gxf7 Qxf7 42.Qg4  1/2-1/2

[Event "TCh-NED 2009-10"]
[Site "Netherlands NED"]
[Date "2009.09.26"]
[Round "1"]
[White "Hoolt,S"]
[Black "Lanchava,T"]
[Result "1-0"]
[WhiteElo "2225"]
[BlackElo "2360"]

1.e4 c6 2.d4 g6 3.Nc3 Bg7 4.f4 d5 5.e5 h5 6.Nf3 Bg4 7.Bd3 Nh6 8.h3 Bf5 9.Be2 Na6
10.O-O Nc7 11.Be3 Qd7 12.Nh4 O-O-O 13.Kh2 Kb8 14.a4 Be6 15.a5 Nf5 16.Nxf5 Bxf5
17.Na4 Ne6 18.Qd2 f6 19.b4 Qc7 20.Kg1 a6 21.Rab1 Bh6 22.Rb2 Qc8 23.Nb6 Qc7
24.Na4 Ng7 25.Nc5 Bc8 26.Qd3 Nf5 27.Bc1 Rdf8 28.c3 Qd8 29.Bd2 Ng7 30.Qg3 Ka7
31.Bd3 Nf5 32.Qe1 g5 33.fxg5 fxg5 34.Qc1 Rhg8 35.Kh2 h4 36.Be3 Qc7 37.c4 dxc4
38.Bxc4 Rg6 39.Bd3 Bg7 40.Bxf5 Rxf5 41.Rxf5 Bxf5 42.Rf2 e6 43.Bxg5 Qc8 44.Bxh4 Bh6
45.Qc3 Qg8 46.Nd7 Ka8 47.g3 Qh8 48.Qc5 Rg7 49.Nb6+ Kb8 50.Be7 Rxe7 51.Qxe7 Be3
52.Rxf5 exf5 53.Nd7+ Ka8 54.e6 Bh6 55.Qd6 Qg8 56.h4 f4 57.gxf4  1-0

[Event "Open"]
[Site "Baku AZE"]
[Date "2009.09.28"]
[Round "8"]
[White "Guliev,L"]
[Black "Mikhalevski,V"]
[Result "1-0"]
[WhiteElo "2426"]
[BlackElo "2625"]

1.e4 g6 2.d4 Bg7 3.Nc3 c6 4.Nf3 d5 5.e5 Nh6 6.h3 f6 7.Bd3 O-O 8.Bf4 Nf5 9.Ne2 c5
10.O-O Nc6 11.Re1 fxe5 12.dxe5 Nb4 13.c3 Nxd3 14.Qxd3 e6 15.Rad1 b6 16.Bg5 Qd7
17.Nf4 Bb7 18.Nh2 Nh6 19.Qd2 Rf5 20.Nxe6 Qxe6 21.Bxh6 Bxh6 22.Qxh6 Rxe5 23.Rxe5 Qxe5
24.Ng4 Qe7 25.Rd3 Rf8 26.Re3 Qd8 27.Rg3 Qd6 28.Qg5 Kg7 29.Re3 Kh8 30.Re7 Bc8
31.Qh4 h5 32.Qg5 Kg8 33.Nh6+ Kh8 34.Nf7+ Rxf7 35.Rxf7 Kg8 36.Rf6  1-0

[Event "17th TCh-Eur"]
[Site "Novi Sad SRB"]
[Date "2009.10.22"]
[Round "1"]
[White "Williams,Si1"]
[Black "Ribbegren,K"]
[Result "1-0"]
[WhiteElo "2545"]
[BlackElo "2158"]

1.d4 g6 2.e4 Bg7 3.Nc3 c6 4.Bc4 d6 5.Qf3 e6 6.Nge2 Ne7 7.Bf4 O-O 8.h4 b5
9.Bb3 a5 10.a3 e5 11.dxe5 dxe5 12.Bg5 h6 13.Rd1 Qc7 14.h5 Be6 15.Bxe6 fxe6
16.Qg4 Nf5 17.Bc1 Nd4 18.hxg6 Rf6 19.Nxd4 exd4 20.Ne2 Nd7 21.Bxh6 Ne5 22.Qh3 Nxg6
23.Bg5 Kf7 24.Qg3 Qxg3 25.Nxg3 Nf4 26.Rxd4 Rf8 27.Rd7+ Ke8 28.Rxg7 Nxg2+
29.Kd1 Rxf2 30.Re7+ Kd8 31.Rf7+ Kc8 32.Rxf8+ Rxf8 33.Rg1 Rg8 34.Rxg2 Rxg5
35.Ke2  1-0

[Event "17th TCh-Eur"]
[Site "Novi Sad SRB"]
[Date "2009.10.23"]
[Round "2"]
[White "Sarakauskas,G"]
[Black "Stanec,N"]
[Result "1/2-1/2"]
[WhiteElo "2424"]
[BlackElo "2541"]

1.e4 g6 2.d4 Bg7 3.Nc3 c6 4.Nf3 d5 5.h3 dxe4 6.Nxe4 Nf6 7.Nxf6+ exf6 8.Bc4 Qe7+
9.Qe2 Qxe2+ 10.Kxe2 Be6 11.Bb3 Nd7 12.Re1 O-O 13.Kf1 Rfe8 14.Bf4 Nb6 15.Re2 Nd5
16.Bd2 b5 17.Ne1 f5 18.c3 a5 19.Nd3 a4 20.Bc2 Nf6 21.f3 Rec8 22.Kf2 Nd7 23.Nf4 Bc4
24.Ree1 b4 25.Bd3 Nb6 26.cxb4 a3 27.Bc3 g5 28.Bxc4 axb2 29.Rab1 Nxc4 30.Nh5 Ra3
31.Nxg7 Kxg7 32.Bxb2 Rxa2 33.Re2 Kg6 34.Bc3 Rxe2+ 35.Kxe2 f4 36.Rg1 Nb6 37.Kd3 Rd8
38.Ra1 f6 39.Ra6  1/2-1/2

[Event "17th TCh-Eur"]
[Site "Novi Sad SRB"]
[Date "2009.10.23"]
[Round "2"]
[White "Sargissian,G"]
[Black "Nevednichy,V"]
[Result "1/2-1/2"]
[WhiteElo "2678"]
[BlackElo "2601"]

1.d4 g6 2.e4 Bg7 3.Nc3 c6 4.h3 d6 5.Be3 b5 6.Qd2 b4 7.Nce2 Nf6 8.Ng3 h5 9.Bd3 a5
10.Nf3 h4 11.Ne2 d5 12.Ng5 dxe4 13.Nxe4 Bf5 14.Nxf6+ Bxf6 15.a3 Bxd3 16.Qxd3 Na6
17.O-O O-O 18.c3 bxc3 19.Nxc3 Nc5 20.Qc4 Ne6 21.Rfd1 Qb8 22.Qxc6 Rc8 23.Qe4 Ng7
24.Nd5 Nf5 25.b4 axb4 26.axb4 Rxa1 27.Rxa1 Kg7 28.Nxf6 exf6 29.Bd2 Rc4 30.Ra8 Qb5
31.Rd8 Qa4 32.Kh2 Rc7 33.d5 Re7 34.Qf4 Rd7 35.Rxd7 Qxd7 36.Qc4 Ne7 37.Qxh4 Nxd5
38.Qc4 Nb6 39.Qe2 Qd4 40.Qe3 Qd6+ 41.Qf4 Qc6 42.Qd4 Nd7 43.Bf4 Qb5 44.Bg3 g5
45.f4 Kg6 46.Qd6 Kf5 47.Qc7 Kg6 48.Qa5 Qc4 49.fxg5 fxg5 50.b5 f5 51.Qa6+ Kf7
52.Qc6 Qd3 53.Qf3 Qxb5 54.Qh5+ Ke6 55.Qxg5 Nf6 56.Qg7 Qb2 57.Qc7 Qb5 58.Qd6+ Kf7
59.Be5 Ne4 60.Qc7+ Ke6 61.Bf4 Qd5 62.Qb8 Qd7 63.Qh8 Nf6 64.Qf8 Qc6 65.Qh6 Kf7
66.Bg5 Qd6+ 67.Bf4 Qe6 68.Qg5 Qd5 69.Bg3 Qe6 70.Qc1 Nd5 71.Qc5 Qe4 72.Qa7+ Kg6
73.Qa6+ Kf7 74.Qb7+ Kg6 75.Qc6+ Kf7 76.Qd7+ Kg6 77.Qd6+ Kf7 78.Be5 Ne7 79.Qf6+ Ke8
80.Bg3 Nc6 81.Qg6+ Ke7 82.Qg7+ Ke6 83.Qh6+ Kf7 84.Qh7+ Ke6 85.Qc7 Ne7 86.Qd6+ Kf7
87.Be5 Qc6 88.Qd1 Qe4 89.Qh5+ Ke6 90.Bg3 Nd5 91.Qg6+ Nf6 92.Qg7 Qd4 93.Qf8 Qd7
94.Bf4 Qd5 95.Bc7 Qd7 96.Bd8 Ne4 97.Qh6+ Kd5 98.Qb6 Qd6+ 99.Qxd6+ Kxd6 100.Kg1 f4
101.Kf1 Ke5 102.Ke2 Kf5 103.Be7 Nc3+ 104.Kd3 Nd5 105.Bc5 Nc7 106.Ke2 Ne6
107.Bb6 Ke4 108.Kf2 Ng7 109.Bd8 Nf5 110.Bg5 Ng3 111.Bf6 Nh5 112.Bh4 Ng7 113.Ke2 Nf5
114.Bf2 Ng7 115.Kd2 Nf5 116.h4 Ng7 117.Kc3 Nh5 118.Kc4 Ng7 119.Kc5 f3 120.g4 Kf4
121.h5 Nxh5  1/2-1/2

[Event "TCh-SLO East 1st League"]
[Site "Sentjur SLO"]
[Date "2009.10.24"]
[Round "3"]
[White "Grilc,A"]
[Black "Mazej,J"]
[Result "0-1"]
[WhiteElo "2109"]
[BlackElo "2070"]

1.e4 c6 2.d4 g6 3.Nc3 Bg7 4.Be3 d5 5.Qd2 dxe4 6.Nxe4 Nd7 7.Bc4 Ngf6 8.Ng5 O-O
9.Ne2 Nb6 10.Bd3 Nbd5 11.c4 Nxe3 12.fxe3 e5 13.O-O Ng4 14.h3 Qxg5 15.hxg4 exd4
16.Nf4 dxe3 17.Qxe3 Bxg4 18.Qg3 Rae8 19.Rae1 Bxb2 20.Nh3 Qc5+ 21.Kh1 Bxh3
22.gxh3 Be5 23.Qf3 Re7 24.Re4 Bg7 25.Kg2 Rfe8 26.Rfe1 Qg5+ 27.Kf2 Bd4+  0-1

[Event "17th TCh-Eur"]
[Site "Novi Sad SRB"]
[Date "2009.10.25"]
[Round "4"]
[White "Sarakauskas,G"]
[Black "Szabo,G ROM"]
[Result "1/2-1/2"]
[WhiteElo "2424"]
[BlackElo "2526"]

1.d4 g6 2.e4 Bg7 3.Nc3 c6 4.h3 d6 5.a4 Nd7 6.Nf3 Qc7 7.Bc4 Ngf6 8.Qe2 e5
9.dxe5 Nxe5 10.Nxe5 dxe5 11.O-O O-O 12.Rd1 Re8 13.Be3 Nh5 14.Bc5 Nf4 15.Qe3 Be6
16.Bf1 b6 17.Bd6 Qb7 18.a5 Red8 19.g3 Nh5 20.Kh2 Bf6 21.Bg2 Ng7 22.f4 exf4
23.gxf4 Ne8 24.Ba3 Rxd1 25.Rxd1 Rd8 26.Rxd8 Bxd8 27.e5 Qd7 28.Ne4 c5 29.axb6 axb6
30.b4 c4 31.Bb2 Qa4 32.Qd4 Be7 33.Nd6 Kf8 34.Nxc4 Bxc4 35.Qxc4 Qxb4 36.Qxb4 Bxb4
37.Bd4 Bc5 38.Bxc5+ bxc5 39.Kg3 Nc7 40.Kf3 Ne6 41.Ke4 Nd4 42.Kd3 Ne6  1/2-1/2

[Event "17th TCh-Eur"]
[Site "Novi Sad SRB"]
[Date "2009.10.29"]
[Round "8"]
[White "Bogut,Z"]
[Black "Saric,Iv"]
[Result "0-1"]
[WhiteElo "2442"]
[BlackElo "2573"]

1.e4 g6 2.d4 Bg7 3.Nc3 c6 4.h4 h5 5.Be3 d5 6.e5 b5 7.Bd3 Nh6 8.Nge2 Nf5 9.Nf4 Na6
10.e6 Bxe6 11.Nxe6 fxe6 12.g4 Nxe3 13.Bxg6+ Kd7 14.fxe3 Qc7 15.Bxh5 Qg3+
16.Kd2 Raf8 17.Qg1 Rf2+ 18.Ne2 Qf3 19.Re1 Rxh5 20.gxh5 Bh6 21.Kc1 Bxe3+ 22.Kb1 Rxe2
23.Qg6 Bf2 24.Rc1 Bxd4 25.Rhf1 Qe3 26.Qg5 Qe4 27.Rf7 Bc5 28.Rf4 Qh7 29.Qg6 Qxg6
30.hxg6 Rg2 31.Rh1 Rxg6 32.h5 Rh6 33.Rg4 Nc7 34.c3 Ne8 35.Rg6 Be3 36.Rxh6 Bxh6
37.Rg1 Ng7 38.Rg6 Nf5 39.a4 bxa4 40.Rg4 e5 41.Rxa4 Be3 42.Rg4 e4 43.Kc2 Kd6
44.Rg6+ e6 45.Rg8 c5 46.Ra8 d4 47.Rxa7 d3+ 48.Kd1 Bg5 49.b4 e3  0-1

[Event "13th OIBM"]
[Site "Bad Wiessee GER"]
[Date "2009.10.31"]
[Round "1"]
[White "Forgach,A"]
[Black "Telljohann,S"]
[Result "0-1"]
[WhiteElo "1991"]
[BlackElo "2403"]

1.e4 g6 2.d4 Bg7 3.Nc3 c6 4.Bc4 d6 5.Nf3 Nf6 6.e5 dxe5 7.Nxe5 O-O 8.O-O Nd5
9.Ne4 Nd7 10.Nxd7 Bxd7 11.c3 Bf5 12.Qe2 Re8 13.Ng3 Qd7 14.f4 b5 15.Nxf5 gxf5
16.Bd3 Rab8 17.Qh5 e6 18.Rf3 Nf6 19.Qh4 Qe7 20.h3 c5 21.dxc5 Qxc5+ 22.Be3 Qe7
23.Rg3 Ne4 24.Qxe7 Rxe7 25.Bxe4 fxe4 26.Bd4 f5 27.Rxg7+ Rxg7 28.Bxg7 Kxg7
29.Rd1 Rb7 30.Kf2 h5 31.g4 Kf6 32.g5+ Ke7 33.h4 b4 34.c4 Rc7 35.b3 a5 36.Ke3 a4
37.Rd2 axb3 38.axb3 Ra7 39.Rc2 Ra3 40.Rb2 Ra1 41.Kd4 Kd6 42.c5+ Ke7 43.Kc4 Rc1+
44.Kb5 e5 45.fxe5 f4 46.Ra2 e3 47.g6 f3 48.Ra7+ Ke6 49.g7 Rg1  0-1

[Event "13th OIBM"]
[Site "Bad Wiessee GER"]
[Date "2009.11.02"]
[Round "3"]
[White "Graf,C"]
[Black "Telljohann,S"]
[Result "0-1"]
[WhiteElo "2139"]
[BlackElo "2403"]

1.e4 g6 2.d4 Bg7 3.Nc3 c6 4.Bc4 d6 5.Qf3 e6 6.Nge2 Nd7 7.Bb3 Ngf6 8.O-O e5
9.dxe5 dxe5 10.h3 Nc5 11.Be3 Qe7 12.Rfd1 O-O 13.Ng3 Nfd7 14.Bc4 Ne6 15.Bxe6 Qxe6
16.Qe2 Qe7 17.Qd2 Re8 18.Bh6 Bf6 19.a3 a5 20.Be3 a4 21.Qd6 Qd8 22.Qb4 Be7
23.Qc4 Qa5 24.Rd2 Nc5 25.Rad1 Be6 26.Qe2 b5 27.Qf3 b4 28.Nb1 bxa3 29.Nxa3 Rad8
30.Rxd8 Rxd8 31.Rxd8+ Qxd8 32.Qe2 Qb8 33.Nc4 Bf8 34.c3 f6 35.f3 Qb5 36.Na3 Qxe2
37.Nxe2 Nd3 38.Bc1 Bb3 39.c4 Bb4 40.Kf1 Bd1 41.Nc3 Bxc3 42.bxc3 Nxc1 43.Ke1 Bb3
44.Kd2 Na2 45.c5 Kf7 46.Kd3 Ke6 47.Kd2 f5 48.g4 fxe4 49.fxe4 Kf6 50.h4 g5
51.h5 Be6 52.Kc2 Bxg4 53.Nc4 Be6 54.Na5 g4  0-1

[Event "Russia Cup w"]
[Site "St Petersburg RUS"]
[Date "2009.11.05"]
[Round "2.1"]
[White "Zaiatz,E"]
[Black "Akatova,E"]
[Result "1-0"]
[WhiteElo "2390"]
[BlackElo "2277"]

1.d4 g6 2.e4 Bg7 3.Nc3 c6 4.h4 h5 5.Be3 d6 6.Qd2 Nd7 7.Nh3 b5 8.Ng5 a6 9.a4 b4
10.Bc4 e6 11.Ne2 d5 12.Bd3 Qe7 13.c4 Ngf6 14.cxd5 cxd5 15.e5 Ng4 16.a5 O-O
17.Nf4 Bh6 18.Be2 Nxe3 19.fxe3 Bxg5 20.hxg5 Qxg5 21.Bxh5 gxh5 22.Rxh5 Qg4
23.Kf2 f6 24.Rah1 fxe5 25.Rh8+ Kf7 26.R1h7+ Ke8 27.Qxb4 Qg5 28.Qd6 Qf6 29.dxe5 Rxh8
30.exf6 Rxh7 31.Qxe6+ Kd8 32.Qg8+ Nf8 33.Qxf8+ Kd7 34.Qg8  1-0

[Event "TCh-FIN"]
[Site "Finland FIN"]
[Date "2009.11.08"]
[Round "5"]
[White "Eloranta,K"]
[Black "Makinen,I"]
[Result "0-1"]
[WhiteElo "2028"]
[BlackElo "2141"]

1.e4 g6 2.d4 Bg7 3.Nc3 c6 4.f4 d6 5.Nf3 Nd7 6.Be3 e5 7.Qd2 Qe7 8.Bd3 Ngf6
9.O-O-O Ng4 10.Kb1 Nxe3 11.Qxe3 O-O 12.g4 exd4 13.Nxd4 Nb6 14.h3 d5 15.Nb3 Bxc3
16.bxc3 Na4 17.Qd4 Qa3 18.c4 c5 19.Qa1 d4 20.c3 Nxc3+ 21.Kc2 Nxd1 22.Kxd1 Bd7
23.Ke2 Bc6 24.h4 Rae8 25.Nd2 Bxe4 26.Nxe4 Rxe4+ 27.Bxe4 Qe3+ 28.Kf1 Qxe4
29.Kg1 Re8  0-1